[Event "SR 2. liga A 2008/2009"]
[Site "?"]
[Date "2009.02.28"]
[Round "10.8"]
[White "Chovanec, Vladimir"]
[Black "Orolin, Peter"]
[Result "0-1"]
[WhiteElo "2083"]
[BlackElo "1941"]
[PlyCount "84"]
[EventDate "2008.??.??"]
[WhiteTeam "Slovakia"]
[BlackTeam "II"]
[WhiteTeamCountry "SVK"]
[BlackTeamCountry "SVK"]

1. Nf3 d5 2. g3 Bg4 3. Bg2 Nd7 4. d4 Ngf6 5. O-O e6 6. c4 c6 7. cxd5 cxd5 8.
Nc3 Be7 9. Bf4 Qb6 10. Na4 Qb5 11. Rc1 O-O 12. h3 Bf5 13. Nh4 Be4 14. f3 Bg6
15. Nxg6 hxg6 16. Kh2 Rfc8 17. Rc2 Qa6 18. Nc3 Rc6 19. Qa1 Rac8 20. Rfc1 b5 21.
a3 Qb6 22. Rd1 a5 23. Rcc1 Nh5 24. Be3 Bd6 25. Bf2 Qb8 26. f4 Nxf4 27. gxf4
Bxf4+ 28. Kg1 Bxc1 29. Rxc1 b4 30. Na2 bxa3 31. bxa3 Qb3 32. Rxc6 Rxc6 33. Nc1
Qc3 34. Qxc3 Rxc3 35. Nd3 Rxa3 36. Nc5 Nf6 37. Be1 Nh5 38. Nd3 g5 39. Bd2 Nf4
40. Nxf4 gxf4 41. Bxf4 a4 42. Kh2 f5 0-1

[Event "SR 2. liga A 2008/2009"]
[Site "?"]
[Date "2009.02.28"]
[Round "10.8"]
[White "Hajtmanek, Stanislav"]
[Black "Curidlo, Jan"]
[Result "1/2-1/2"]
[WhiteElo "1782"]
[BlackElo "1979"]
[PlyCount "118"]
[EventDate "2008.??.??"]
[WhiteTeam "Slovakia"]
[BlackTeam "II"]
[WhiteTeamCountry "SVK"]
[BlackTeamCountry "SVK"]

1. d4 d5 2. c4 c6 3. Nc3 Nf6 4. Nf3 Bf5 5. e3 e6 6. Qb3 Qc7 7. Bd2 Nbd7 8. Rc1
Qb6 9. Nh4 Be4 10. f3 Bg6 11. Nxg6 hxg6 12. Be2 Qc7 13. f4 a6 14. cxd5 exd5 15.
Nxd5 Nxd5 16. Qxd5 Rd8 17. Qe4+ Be7 18. Bb4 Nf6 19. Qxe7+ Qxe7 20. Bxe7 Kxe7
21. Bf3 Rhe8 22. Kf2 Kf8 23. Rhe1 Ng8 24. g4 Ne7 25. Rc4 Rd7 26. b4 Nc8 27. Re2
Nd6 28. Rc5 f5 29. g5 Rde7 30. a4 Rd8 31. h4 Red7 32. Rec2 Re7 33. Re5 Rde8 34.
Rcc5 Nc8 35. h5 Rxe5 36. fxe5 Kf7 37. e4 fxe4 38. Bxe4 gxh5 39. g6+ Kf8 40. Kf3
Ne7 41. Kf4 Rd8 42. Ke3 h4 43. Rc1 Kg8 44. Rh1 a5 45. Rb1 axb4 46. Rxb4 Rb8 47.
Kf4 Kf8 48. Kg4 Ke8 49. Kxh4 Kd7 50. Kg4 Kc7 51. Rc4 Kb6 52. Rc3 Rd8 53. Rc4
Kc7 54. Kf3 Kb8 55. Ke3 Rh8 56. Rc2 Rh3+ 57. Kf4 Ra3 58. Rc4 Ra1 59. e6 Re1
1/2-1/2

[Event "SR 2. liga A 2008/2009"]
[Site "?"]
[Date "2009.02.28"]
[Round "10.8"]
[White "Mosny, Jaroslav"]
[Black "Janecek, Jan"]
[Result "1/2-1/2"]
[WhiteElo "2018"]
[BlackElo "1967"]
[PlyCount "76"]
[EventDate "2008.??.??"]
[WhiteTeam "Slovakia"]
[BlackTeam "II"]
[WhiteTeamCountry "SVK"]
[BlackTeamCountry "SVK"]

1. d4 d5 2. Nf3 Nf6 3. c4 e6 4. Nc3 Be7 5. Bg5 O-O 6. e3 h6 7. Bh4 c6 8. Bd3
Nbd7 9. O-O Nh7 10. Bxe7 Qxe7 11. Qe2 f5 12. Ne5 Nxe5 13. dxe5 Bd7 14. f4 a6
15. a3 Rfd8 16. b4 Be8 17. c5 Nf8 18. Qf2 g6 19. Ne2 h5 20. Nd4 Bd7 21. Rfc1
Kf7 22. h4 Nh7 23. g3 Qe8 24. Qb2 Rdb8 25. Qc3 Nf8 26. Be2 Ke7 27. a4 Kf7 28.
Bd3 Kg7 29. a5 Kh6 30. Rc2 Nh7 31. Nf3 Qe7 32. Qd4 Rh8 33. Rh2 Kg7 34. Be2 Be8
35. Kf2 Bf7 36. Ng5 Nxg5 37. hxg5 Rag8 38. Rh4 Rh7 1/2-1/2

[Event "SR 2. liga A 2008/2009"]
[Site "?"]
[Date "2009.02.28"]
[Round "10.8"]
[White "Sosovicka, Matej"]
[Black "Jelenciak, Jozef"]
[Result "0-1"]
[WhiteElo "1790"]
[BlackElo "1938"]
[PlyCount "92"]
[EventDate "2008.??.??"]
[WhiteTeam "Slovakia"]
[BlackTeam "II"]
[WhiteTeamCountry "SVK"]
[BlackTeamCountry "SVK"]

1. e4 Nf6 2. e5 Nd5 3. d4 d6 4. Nf3 g6 5. Be2 Bg7 6. O-O Nc6 7. c4 Nb6 8. exd6
cxd6 9. Nc3 Bg4 10. Be3 d5 11. c5 Nc8 12. h3 Bxf3 13. Bxf3 e6 14. Rb1 a5 15.
Nb5 O-O 16. Qc2 b6 17. Rfd1 a4 18. Rbc1 N8e7 19. Bf4 bxc5 20. Qxc5 Qd7 21. Be2
Qb7 22. Bd6 Rfc8 23. Qa3 Nf5 24. Be5 Bh6 25. Rc3 Ra5 26. Nd6 Nxd6 27. Bxd6 Raa8
28. Rc2 Bg7 29. Bc5 Rcb8 30. Qe3 Nb4 31. Bxb4 Qxb4 32. Qc3 Qxc3 33. bxc3 a3 34.
Rdd2 Bh6 35. Rd1 Rb2 36. Bd3 Rab8 37. Kf1 Rxc2 38. Bxc2 Rb2 39. Bb3 Bd2 40. Ke2
Bxc3+ 41. Kd3 Bb4 42. Ke3 Kf8 43. g3 Ke7 44. h4 h5 45. Kf3 Rxb3+ 46. axb3 Bc3
0-1

[Event "SR 2. liga A 2008/2009"]
[Site "?"]
[Date "2009.02.28"]
[Round "10.8"]
[White "Ujhelyi, Matus"]
[Black "Kysel, Jozef"]
[Result "1/2-1/2"]
[WhiteElo "1926"]
[BlackElo "1777"]
[PlyCount "64"]
[EventDate "2008.??.??"]
[WhiteTeam "Slovakia"]
[BlackTeam "II"]
[WhiteTeamCountry "SVK"]
[BlackTeamCountry "SVK"]

1. e4 c5 2. Nf3 Nc6 3. d4 cxd4 4. Nxd4 Nf6 5. Nc3 e5 6. Ndb5 d6 7. Bg5 a6 8.
Na3 Be7 9. Bxf6 gxf6 10. Nd5 b5 11. c3 Be6 12. Nc2 f5 13. exf5 Bxf5 14. Nce3
Bg6 15. Qg4 O-O 16. Nf5 Rc8 17. Bd3 Kh8 18. Rd1 Rg8 19. Qh3 Bg5 20. O-O Ne7 21.
Nfxe7 Bxe7 22. Bxg6 fxg6 23. f4 exf4 24. Rxf4 Bg5 25. Rf7 Rg7 26. Rxg7 Kxg7 27.
Qe6 Rb8 28. Rf1 Rb7 29. h3 Qd7 30. Qe4 Qd8 31. Kh1 Rf7 32. Rxf7+ Kxf7 1/2-1/2

[Event "SR 2. liga A 2008/2009"]
[Site "?"]
[Date "2009.03.01"]
[Round "11.1"]
[White "Doucha, Ludvik"]
[Black "Petrik, Stanislav"]
[Result "0-1"]
[WhiteElo "2080"]
[BlackElo "2215"]
[PlyCount "68"]
[EventDate "2008.??.??"]
[WhiteTeam "Slovakia"]
[BlackTeam "II"]
[WhiteTeamCountry "SVK"]
[BlackTeamCountry "SVK"]

1. e4 c5 2. c4 Nc6 3. Ne2 Nf6 4. Nbc3 Nd4 5. d3 d6 6. Nxd4 cxd4 7. Ne2 e5 8. h3
Bd7 9. g3 Be7 10. Bg2 b5 11. b3 bxc4 12. bxc4 Qa5+ 13. Bd2 Qa3 14. Qb3 Qa6 15.
O-O O-O 16. Rfb1 Bc6 17. Nc1 Nd7 18. Qd1 Rfb8 19. Bb4 Qa4 20. Qxa4 Bxa4 21. Ba3
Bc2 22. Rxb8+ Rxb8 23. f4 f6 24. Kf2 Kf7 25. Ke2 Nc5 26. Kd2 Ba4 27. Bxc5 Rb2+
28. Ke1 Rxg2 29. Ba3 Bc2 30. f5 Rxg3 31. Kd2 Ba4 32. Rb1 Bc6 33. Rb8 Bxe4 34.
dxe4 Rxa3 0-1

[Event "SR 2. liga A 2008/2009"]
[Site "?"]
[Date "2009.03.01"]
[Round "11.1"]
[White "Federic, Jozef"]
[Black "Seitler, Andrej"]
[Result "1/2-1/2"]
[WhiteElo "2239"]
[BlackElo "2251"]
[PlyCount "84"]
[EventDate "2008.??.??"]
[WhiteTeam "Slovakia"]
[BlackTeam "II"]
[WhiteTeamCountry "SVK"]
[BlackTeamCountry "SVK"]

1. d4 Nf6 2. c4 d6 3. Nc3 g6 4. e4 Bg7 5. f4 O-O 6. Nf3 Na6 7. e5 Nd7 8. Be2 c5
9. exd6 exd6 10. d5 Nf6 11. O-O Bf5 12. a3 Ne4 13. Nxe4 Bxe4 14. Ng5 Bf5 15.
Bg4 Qf6 16. Bxf5 Qxf5 17. Ra2 Rfe8 18. b3 h6 19. Nf3 Nc7 20. Qc2 Qxc2 21. Rxc2
Re4 22. Re1 Rxe1+ 23. Nxe1 b5 24. f5 Re8 25. Nd3 Bd4+ 26. Kf1 Be3 27. fxg6 fxg6
28. Bb2 Kf7 29. Bc3 Re4 30. Ba5 bxc4 31. Rxc4 Rxc4 32. bxc4 Ne8 33. Ke2 Bg1 34.
h3 Ng7 35. g4 Bd4 36. Kf3 Bf6 37. Nf2 Ne8 38. Ne4 Be5 39. Bd8 Kf8 40. Ke2 Bb2
41. a4 Be5 42. Kf3 Kf7 1/2-1/2

[Event "SR 2. liga A 2008/2009"]
[Site "?"]
[Date "2009.03.01"]
[Round "11.1"]
[White "Rachela, Milan"]
[Black "Schwarz, Dusan"]
[Result "1-0"]
[WhiteElo "2358"]
[BlackElo "2338"]
[PlyCount "43"]
[EventDate "2008.??.??"]
[WhiteTeam "Slovakia"]
[BlackTeam "II"]
[WhiteTeamCountry "SVK"]
[BlackTeamCountry "SVK"]

1. c4 e5 2. g3 Nf6 3. Bg2 c6 4. d4 Bb4+ 5. Bd2 Bxd2+ 6. Qxd2 d6 7. Nc3 O-O 8.
e3 Re8 9. Nge2 e4 10. h3 h5 11. g4 hxg4 12. O-O-O d5 13. hxg4 Bxg4 14. Rh4 Na6
15. Rdh1 Kf8 16. Kb1 Qd7 17. Ng3 g6 18. Bh3 Bxh3 19. R4xh3 Kg7 20. f3 exf3 21.
e4 Rh8 22. Nf5+ 1-0

[Event "SR 2. liga A 2008/2009"]
[Site "?"]
[Date "2009.03.01"]
[Round "11.1"]
[White "Rohacek, Miroslav"]
[Black "Janos, Martin"]
[Result "1-0"]
[WhiteElo "2215"]
[BlackElo "2210"]
[PlyCount "107"]
[EventDate "2008.??.??"]
[WhiteTeam "Slovakia"]
[BlackTeam "II"]
[WhiteTeamCountry "SVK"]
[BlackTeamCountry "SVK"]

1. d4 b5 2. e4 Bb7 3. Nd2 c5 4. dxc5 e5 5. Bxb5 Bxc5 6. Qe2 Nf6 7. Ngf3 O-O 8.
O-O Qb6 9. Bd3 Qc7 10. Nb3 Be7 11. c4 a5 12. Nh4 Nc6 13. Nf5 Rfe8 14. Nxe7+
Nxe7 15. Bg5 Qc6 16. Nd2 h6 17. Be3 Ng6 18. f3 d6 19. Qf2 Nh5 20. Rfd1 Nhf4 21.
Bf1 Qc8 22. g3 Nh3+ 23. Bxh3 Qxh3 24. Nb1 Re6 25. Qg2 Qh5 26. Nc3 Nh4 27. Qh3
Qxf3 28. Bb6 Ng6 29. Qf5 Nh4 30. Qh3 d5 31. Rf1 dxe4 32. Qxh4 Qd3 33. Rad1 Qxc4
34. Rd8+ Kh7 35. Rxa8 Bxa8 36. Qd8 Qc6 37. Be3 Rd6 38. Qxa5 Rd3 39. Qc5 Qg6 40.
Rd1 Qh5 41. Rf1 Qg6 42. a4 h5 43. Nd1 Qg4 44. Qc2 Qd7 45. Qe2 g6 46. a5 Bc6 47.
a6 Bb5 48. a7 Rxe3 49. Qxe3 Bxf1 50. Nf2 Ba6 51. a8=Q Qb5 52. h4 Qf1+ 53. Kh2
Be2 54. Qh6+ 1-0

[Event "SR 2. liga A 2008/2009"]
[Site "?"]
[Date "2009.03.01"]
[Round "11.1"]
[White "Sosovicka, Juraj"]
[Black "Tepper, Frantisek"]
[Result "1-0"]
[WhiteElo "2040"]
[BlackElo "2162"]
[PlyCount "71"]
[EventDate "2008.??.??"]
[WhiteTeam "Slovakia"]
[BlackTeam "II"]
[WhiteTeamCountry "SVK"]
[BlackTeamCountry "SVK"]

1. e4 e5 2. Nf3 Nf6 3. Nxe5 d6 4. Nf3 Nxe4 5. d4 d5 6. Bd3 Be7 7. O-O Nc6 8. c4
Nb4 9. Be2 O-O 10. a3 Nc6 11. cxd5 Qxd5 12. Nc3 Nxc3 13. bxc3 Bf5 14. Re1 Bf6
15. Bf4 Rac8 16. Bd3 Na5 17. Be5 Bxd3 18. Qxd3 Bxe5 19. Rxe5 Qc4 20. Qe3 b6 21.
Re7 Qb3 22. Ne5 Nc4 23. Nxc4 Qxc4 24. h3 Qb3 25. Qg3 Qb2 26. Rae1 Qxa3 27. Rxc7
Rxc7 28. Qxc7 Qb3 29. Qc6 g6 30. d5 Qc2 31. d6 Qd2 32. Re3 Kg7 33. Qc7 Qd5 34.
d7 Qa8 35. Qe5+ Kg8 36. Qe8 1-0

[Event "SR 2. liga A 2008/2009"]
[Site "?"]
[Date "2009.03.01"]
[Round "11.1"]
[White "Tibensky, Robert"]
[Black "Skreno, Vladimir"]
[Result "1-0"]
[WhiteElo "2391"]
[BlackElo "2208"]
[PlyCount "59"]
[EventDate "2008.??.??"]
[WhiteTeam "Slovakia"]
[BlackTeam "II"]
[WhiteTeamCountry "SVK"]
[BlackTeamCountry "SVK"]

1. d4 Nf6 2. c4 d5 3. Nf3 c6 4. Qc2 e6 5. e3 Nbd7 6. Nc3 Bd6 7. Be2 O-O 8. O-O
Re8 9. a3 dxc4 10. Bxc4 h6 11. Ba2 Qe7 12. h3 e5 13. dxe5 Nxe5 14. Nd4 Kh8 15.
Bd2 Bc7 16. Rad1 Ng6 17. Bc1 Nh4 18. Bb1 Ng6 19. f4 Bb6 20. Kh2 Nf8 21. Kh1 Bd7
22. e4 Bxd4 23. Rxd4 c5 24. Rdd1 Bc6 25. e5 Nh5 26. Qf2 f6 27. Qh4 Qf7 28. Kg1
Rad8 29. Rxd8 Rxd8 30. g4 1-0

[Event "SR 2. liga A 2008/2009"]
[Site "?"]
[Date "2009.03.01"]
[Round "11.2"]
[White "Abel, Peter"]
[Black "Mydlarik, Martin"]
[Result "1/2-1/2"]
[WhiteElo "2176"]
[BlackElo "2124"]
[PlyCount "78"]
[EventDate "2008.??.??"]
[WhiteTeam "Slovakia"]
[BlackTeam "II"]
[WhiteTeamCountry "SVK"]
[BlackTeamCountry "SVK"]

1. c4 e5 2. Nc3 Nc6 3. g3 g6 4. Bg2 Bg7 5. e3 Nge7 6. Nge2 O-O 7. d3 d6 8. O-O
Be6 9. Nd5 Nf5 10. Rb1 Rb8 11. b3 Nce7 12. e4 Nd4 13. Nxe7+ Qxe7 14. Nxd4 exd4
15. Bd2 c6 16. Qc1 Qd7 17. Qa3 Rfe8 18. Rbe1 a6 19. Bf4 Rbd8 20. Bg5 Rc8 21.
Bf4 Rcd8 22. Bd2 Rb8 23. Re2 Bf8 24. Qa5 Bg7 25. Bc1 b6 26. Qe1 b5 27. f4 Bg4
28. Rb2 d5 29. cxd5 cxd5 30. Qf2 dxe4 31. Bxe4 Rbc8 32. Rc2 Rxc2 33. Qxc2 Rc8
34. Qf2 Be6 35. Bb2 f5 36. Bf3 a5 37. Rc1 Rxc1+ 38. Bxc1 Bf8 39. Qc2 Bd5
1/2-1/2

[Event "SR 2. liga A 2008/2009"]
[Site "?"]
[Date "2009.03.01"]
[Round "11.2"]
[White "Biro, Karol"]
[Black "Stetina, Erik"]
[Result "1-0"]
[WhiteElo "2186"]
[BlackElo "2043"]
[PlyCount "88"]
[EventDate "2008.??.??"]
[WhiteTeam "Slovakia"]
[BlackTeam "II"]
[WhiteTeamCountry "SVK"]
[BlackTeamCountry "SVK"]

1. c4 Nf6 2. Nc3 e6 3. d4 Bb4 4. Bd2 O-O 5. Nf3 b6 6. e3 Bb7 7. Bd3 d6 8. Nb1
Bxd2+ 9. Nbxd2 Nbd7 10. O-O Qe7 11. Qc2 c5 12. Rfe1 Rac8 13. Rac1 h6 14. b3 d5
15. Qb1 dxc4 16. bxc4 Rfd8 17. Qb2 Ba6 18. Bb1 Nb8 19. Ne5 Nc6 20. Ndf3 Na5 21.
Bd3 Nd7 22. Red1 Nxe5 23. Nxe5 cxd4 24. exd4 f6 25. c5 Bxd3 26. Nxd3 bxc5 27.
Nxc5 Qd6 28. Qb5 Qb6 29. Qe2 Re8 30. h3 Qd6 31. Qb5 Qb6 32. Qd3 Qd6 33. Qg6 Qd5
34. Ne4 Qf5 35. Qxf5 exf5 36. Nd6 Rxc1 37. Rxc1 Re2 38. Nxf5 Rxa2 39. Rc7 Rd2
40. Rxg7+ Kf8 41. Rxa7 Nc6 42. Ra6 Nxd4 43. Rxf6+ Ke8 44. Nxd4 Rxd4 1-0

[Event "SR 2. liga A 2008/2009"]
[Site "?"]
[Date "2009.03.01"]
[Round "11.2"]
[White "Fabry, Robert"]
[Black "Pagerka, Martin"]
[Result "0-1"]
[WhiteElo "2185"]
[BlackElo "1998"]
[PlyCount "82"]
[EventDate "2008.??.??"]
[WhiteTeam "Slovakia"]
[BlackTeam "II"]
[WhiteTeamCountry "SVK"]
[BlackTeamCountry "SVK"]

1. Nf3 c5 2. b3 d5 3. Bb2 Nc6 4. e3 Bg4 5. Be2 Nf6 6. O-O e6 7. Ne5 Bxe2 8.
Qxe2 Bd6 9. f4 Qc7 10. Ng4 d4 11. Na3 Be7 12. Ne5 Rd8 13. Nb5 Qb6 14. Nc4 d3
15. Qxd3 Rxd3 16. Nxb6 Rxd2 17. Nc4 Rxc2 18. Nba3 Re2 19. Rf3 Ne4 20. Kf1 Rxb2
21. Nxb2 Nd2+ 22. Ke2 Nxf3 23. Kxf3 O-O 24. Nd3 Rd8 25. Ke2 Rc8 26. Rc1 a6 27.
Nc4 Nb8 28. a4 b5 29. Nb6 Rc6 30. a5 f6 31. g4 Kf7 32. f5 e5 33. Kf3 Bf8 34.
Ke4 Ke8 35. Kd5 Rd6+ 36. Ke4 Nc6 37. Nxc5 Nxa5 38. Ne6 Rxb6 39. Rc8+ Ke7 40.
Nxf8 Nxb3 41. Kd3 Na5 0-1

[Event "SR 2. liga A 2008/2009"]
[Site "?"]
[Date "2009.03.01"]
[Round "11.2"]
[White "Machalova, Veronika"]
[Black "Hrivnak, Martin"]
[Result "1/2-1/2"]
[WhiteElo "2187"]
[BlackElo "2169"]
[PlyCount "27"]
[EventDate "2008.??.??"]
[WhiteTeam "Slovakia"]
[BlackTeam "II"]
[WhiteTeamCountry "SVK"]
[BlackTeamCountry "SVK"]

1. e4 Nc6 2. d4 e5 3. d5 Nce7 4. Nc3 Ng6 5. Be3 Bb4 6. a3 Bxc3+ 7. bxc3 d6 8.
Bd3 Nf4 9. Qf3 g5 10. Bxf4 exf4 11. g3 Qf6 12. Ne2 fxg3 13. Qxg3 Ne7 14. f4
1/2-1/2

[Event "SR 2. liga A 2008/2009"]
[Site "?"]
[Date "2009.03.01"]
[Round "11.2"]
[White "Malar, Pavol"]
[Black "Hartl, Jan"]
[Result "1-0"]
[WhiteElo "2090"]
[BlackElo "2161"]
[PlyCount "93"]
[EventDate "2008.??.??"]
[WhiteTeam "Slovakia"]
[BlackTeam "II"]
[WhiteTeamCountry "SVK"]
[BlackTeamCountry "SVK"]

1. e4 e5 2. Nf3 Nc6 3. Bb5 a6 4. Ba4 Nf6 5. O-O Be7 6. Re1 b5 7. Bb3 d6 8. c3
O-O 9. h3 Na5 10. Bc2 c5 11. d3 Qc7 12. Nbd2 h6 13. Nf1 Re8 14. Ng3 Bf8 15. a4
Bd7 16. Nh2 d5 17. Qf3 dxe4 18. dxe4 Qb6 19. Nf5 Nh7 20. Ng4 Nc4 21. axb5 axb5
22. Rxa8 Rxa8 23. Qg3 Kh8 24. Nxe5 Nxe5 25. Qxe5 Re8 26. Qf4 Ng5 27. h4 Ne6 28.
Qg3 Nd8 29. Qf3 Qf6 30. Ng3 Qxh4 31. e5 Bc6 32. Qe3 g6 33. f4 c4 34. Qf2 Ne6
35. Be3 Nc7 36. f5 Nd5 37. fxg6 fxg6 38. Bxg6 Ra8 39. Bd4 Bg7 40. Nf5 Qxf2+ 41.
Kxf2 Ra2 42. e6 Rxb2+ 43. Kg3 Nf6 44. Nxg7 Rxg2+ 45. Kh3 Kxg7 46. Be4 Bxe4 47.
Rxe4 1-0

[Event "SR 2. liga A 2008/2009"]
[Site "?"]
[Date "2009.03.01"]
[Round "11.2"]
[White "Pacher, Milan"]
[Black "Varga, David"]
[Result "1-0"]
[WhiteElo "2357"]
[BlackElo "2270"]
[PlyCount "57"]
[EventDate "2008.??.??"]
[WhiteTeam "Slovakia"]
[BlackTeam "II"]
[WhiteTeamCountry "SVK"]
[BlackTeamCountry "SVK"]

1. d4 e6 2. c4 Nf6 3. g3 c5 4. d5 b5 5. dxe6 Bb7 6. exf7+ Kxf7 7. Nf3 bxc4 8.
Bg2 Kg8 9. Na3 Qa5+ 10. Bd2 Qa6 11. Bc3 d5 12. Bxf6 Qxf6 13. O-O Na6 14. e4 Rd8
15. exd5 Bxd5 16. Qe2 Nc7 17. Nxc4 Re8 18. Nfe5 Bxg2 19. Kxg2 g5 20. f4 Bg7 21.
Qh5 h6 22. Rad1 gxf4 23. gxf4 Kh7 24. Rd7 Nb5 25. Rf7 Qe6 26. f5 Qd5+ 27. Kh3
Rhg8 28. f6 Qe6+ 29. Kh4 1-0

[Event "SR 2. liga A 2008/2009"]
[Site "?"]
[Date "2009.03.01"]
[Round "11.3"]
[White "Arendas, Marek"]
[Black "Petrik, Karol"]
[Result "1/2-1/2"]
[WhiteElo "2167"]
[BlackElo "2109"]
[PlyCount "103"]
[EventDate "2008.??.??"]
[WhiteTeam "Slovakia"]
[BlackTeam "II"]
[WhiteTeamCountry "SVK"]
[BlackTeamCountry "SVK"]

1. e4 d5 2. exd5 Qxd5 3. Nc3 Qd6 4. d4 a6 5. Nf3 Nf6 6. h3 Bf5 7. Bd3 Bg6 8.
Bxg6 hxg6 9. Qe2 Nc6 10. Qc4 e6 11. a4 Be7 12. Be3 O-O 13. O-O Rfd8 14. Rfd1
Qb4 15. Qxb4 Bxb4 16. Ne2 Bd6 17. Bg5 b5 18. axb5 axb5 19. Nc3 Rxa1 20. Rxa1
Rb8 21. Bxf6 gxf6 22. d5 Ne5 23. Nd4 exd5 24. Ndxb5 d4 25. Nxd4 Rxb2 26. Rb1
Rxb1+ 27. Nxb1 Bb4 28. Kf1 Kf8 29. Ke2 Ke8 30. c3 Bc5 31. Nd2 Kd7 32. Ne4 Be7
33. g4 c5 34. Nb3 Kc6 35. f4 Nd7 36. c4 Nf8 37. h4 f5 38. gxf5 gxf5 39. Ng3
Bxh4 40. Nxf5 Bf6 41. Ne3 Ne6 42. Nd5 Bd8 43. Kd3 f5 44. Ke3 Bc7 45. Nc1 Bd6
46. Nd3 Kd7 47. Kf3 Ke8 48. Kg3 Kf7 49. Kf3 Kg6 50. Kg3 Nd4 51. Kf2 Kh5 52. Kg3
1/2-1/2

[Event "SR 2. liga A 2008/2009"]
[Site "?"]
[Date "2009.03.01"]
[Round "11.3"]
[White "Janos, Ivan"]
[Black "Hertel, Ondrej"]
[Result "1-0"]
[WhiteElo "2159"]
[BlackElo "2040"]
[PlyCount "45"]
[EventDate "2008.??.??"]
[WhiteTeam "Slovakia"]
[BlackTeam "II"]
[WhiteTeamCountry "SVK"]
[BlackTeamCountry "SVK"]

1. e4 c6 2. d4 d5 3. f3 dxe4 4. fxe4 e5 5. Nf3 exd4 6. Bc4 Bb4+ 7. c3 dxc3 8.
Bxf7+ Ke7 9. Qb3 cxb2+ 10. Qxb4+ Kxf7 11. Bxb2 Nf6 12. Qc4+ Ke8 13. O-O b5 14.
Qb3 Qb6+ 15. Kh1 c5 16. Ng5 c4 17. Qg3 Nbd7 18. Nc3 Bb7 19. Nd5 Bxd5 20. exd5
Nc5 21. Bd4 Kd7 22. Qh3+ Kd8 23. Bxc5 1-0

[Event "SR 2. liga A 2008/2009"]
[Site "?"]
[Date "2009.03.01"]
[Round "11.3"]
[White "Kovac, Andrej"]
[Black "Machalova, Erika"]
[Result "1/2-1/2"]
[WhiteElo "2038"]
[BlackElo "2142"]
[PlyCount "70"]
[EventDate "2008.??.??"]
[WhiteTeam "Slovakia"]
[BlackTeam "II"]
[WhiteTeamCountry "SVK"]
[BlackTeamCountry "SVK"]

1. e4 c5 2. Nf3 d6 3. d4 cxd4 4. Nxd4 Nf6 5. Nc3 a6 6. Bg5 e6 7. Qd2 b5 8.
O-O-O b4 9. Nce2 Nxe4 10. Bxd8 Nxd2 11. Bh4 Nxf1 12. Rhxf1 Be7 13. Bg3 Bb7 14.
f3 d5 15. Rfe1 Nd7 16. Nf4 O-O 17. Nd3 Rfe8 18. Re2 Rac8 19. Rde1 Nc5 20. Nf2
g6 21. Nb3 Nxb3+ 22. axb3 Bf6 23. Ng4 Bg7 24. Bh4 Kh8 25. Nf6 Red8 26. f4 Rd6
27. g4 Bc6 28. g5 Bb5 29. Rd2 a5 30. Bf2 a4 31. bxa4 Bxa4 32. Bd4 Ra6 33. Re3
Bb3 34. Kb1 Ba2+ 35. Kc1 Bb3 1/2-1/2

[Event "SR 2. liga A 2008/2009"]
[Site "?"]
[Date "2009.03.01"]
[Round "11.3"]
[White "Petenyi, Tamas"]
[Black "Polacik, Igor"]
[Result "1-0"]
[WhiteElo "2251"]
[BlackElo "2194"]
[PlyCount "57"]
[EventDate "2008.??.??"]
[WhiteTeam "Slovakia"]
[BlackTeam "II"]
[WhiteTeamCountry "SVK"]
[BlackTeamCountry "SVK"]

1. e4 e5 2. Nf3 Nc6 3. Bb5 a6 4. Ba4 Nf6 5. O-O b5 6. Bb3 Be7 7. Re1 d6 8. c3
O-O 9. h3 Na5 10. Bc2 d5 11. d4 dxe4 12. Nxe5 Bb7 13. b4 Nc6 14. Nxc6 Bxc6 15.
Bg5 Re8 16. Nd2 e3 17. Rxe3 Nd5 18. Bxe7 Nxe3 19. Bxh7+ Kxh7 20. Qh5+ Kg8 21.
Bxd8 Raxd8 22. fxe3 Rxe3 23. Rf1 Bd5 24. Qg5 Ree8 25. Nf3 f6 26. Qg3 c6 27. Re1
Bxa2 28. Rxe8+ Rxe8 29. Nh4 1-0

[Event "SR 2. liga A 2008/2009"]
[Site "?"]
[Date "2009.03.01"]
[Round "11.3"]
[White "Polasek, Filip"]
[Black "Janos, Jozef"]
[Result "1-0"]
[WhiteElo "2096"]
[BlackElo "2244"]
[PlyCount "79"]
[EventDate "2008.??.??"]
[WhiteTeam "Slovakia"]
[BlackTeam "II"]
[WhiteTeamCountry "SVK"]
[BlackTeamCountry "SVK"]

1. e4 c5 2. Nf3 e6 3. d4 cxd4 4. Nxd4 Nf6 5. Nc3 d6 6. Be3 a6 7. Qd2 b5 8. f3
b4 9. Nce2 d5 10. e5 Nfd7 11. f4 Nc5 12. Ng3 h5 13. Bd3 g6 14. O-O-O h4 15.
Nge2 Nbd7 16. Nf3 Be7 17. g4 a5 18. Bb5 Ba6 19. Bxc5 Bxb5 20. Bxe7 Qxe7 21.
Ned4 Bc4 22. f5 gxf5 23. gxf5 Nc5 24. fxe6 fxe6 25. Ng5 Qd7 26. Qf2 Rf8 27.
Qxh4 O-O-O 28. Qh3 Rde8 29. Qe3 Bxa2 30. Ne2 Qc7 31. Rdf1 Bc4 32. Rf6 Rxf6 33.
exf6 Bxe2 34. f7 Rf8 35. Nxe6 Nxe6 36. Qxe6+ Qd7 37. Qxe2 Rxf7 38. Qa6+ Qb7 39.
Qxa5 b3 40. Rg1 {time} 1-0

[Event "SR 2. liga A 2008/2009"]
[Site "?"]
[Date "2009.03.01"]
[Round "11.3"]
[White "Skara, Vladimir"]
[Black "Kundrik, Peter"]
[Result "0-1"]
[WhiteElo "2097"]
[BlackElo "2228"]
[PlyCount "92"]
[EventDate "2008.??.??"]
[WhiteTeam "Slovakia"]
[BlackTeam "II"]
[WhiteTeamCountry "SVK"]
[BlackTeamCountry "SVK"]

1. e4 c5 2. Nf3 Nc6 3. Nc3 e5 4. Bc4 d6 5. d3 Be6 6. O-O Nf6 7. Nd5 a6 8. a4
Bxd5 9. Bxd5 Nxd5 10. exd5 Ne7 11. c4 g6 12. a5 Bg7 13. Bd2 O-O 14. Bc3 h6 15.
Qe2 f5 16. Rab1 g5 17. b4 cxb4 18. Rxb4 Rb8 19. Rfb1 Qc7 20. Qb2 Ng6 21. Rxb7
Rxb7 22. Qxb7 Qxb7 23. Rxb7 Nf4 24. Bb4 e4 25. dxe4 fxe4 26. Bxd6 Re8 27. Nd2
e3 28. fxe3 Rxe3 29. Bxf4 gxf4 30. Nf3 Bf8 31. Rc7 Rc3 32. Nd4 Bb4 33. Ne6 Bxa5
34. d6 Bxc7 35. Nxc7 Rxc4 36. d7 Rd4 37. Nxa6 Rxd7 38. Nc5 Rd4 39. Kf2 Kf7 40.
Nb3 Rb4 41. Nc1 Kf6 42. Ne2 Kf5 43. Kf3 Rb3+ 44. Kf2 Ke4 45. h3 h5 46. Kg1 Ke3
0-1

[Event "SR 2. liga A 2008/2009"]
[Site "?"]
[Date "2009.03.01"]
[Round "11.4"]
[White "Certek, Pavel"]
[Black "Hecko, Dusan"]
[Result "1-0"]
[WhiteElo "2216"]
[BlackElo "2160"]
[Annotator "Fritz 9 (20s)"]
[PlyCount "71"]
[EventDate "2008.??.??"]
[WhiteTeam "Slovakia"]
[BlackTeam "II"]
[WhiteTeamCountry "SVK"]
[BlackTeamCountry "SVK"]

{D71: Fianchetto Grünfeld: 3 g3 d5 sidelines and 5 cxd5 (without Nf3)} 1. d4
Nf6 2. c4 g6 3. g3 Bg7 4. Bg2 d5 5. cxd5 Nxd5 6. e4 Nf6 {novinka} (6... Nb6 7.
Ne2 $15) 7. Nc3 c6 (7... c5 8. d5 $11) 8. h3 O-O 9. Nge2 Na6 10. Be3 Nc7 11.
O-O Nfe8 12. Qc1 f5 13. e5 Be6 14. Nf4 Qd7 15. Rd1 $16 Bd5 16. Ncxd5 Nxd5 17.
Nxd5 cxd5 18. Qc5 Nc7 (18... e6 19. Rdc1 $18 Rf7) 19. Rac1 Rfc8 20. Qa5 b6 $4 (
20... e6 $142 $16) 21. Rxc7 $18 Qxc7 22. Bxd5+ Kh8 23. Qa6 Rab8 24. Be6 Rf8 25.
Rc1 Qb7 26. Qxb7 Rxb7 27. f4 h6 28. Kf2 Rd8 29. a4 Kh7 30. b4 Rf8 31. Kf3 g5
32. Rc6 Kh8 33. fxg5 f4 34. gxf4 hxg5 35. f5 Rd8 36. Ke4 1-0

[Event "SR 2. liga A 2008/2009"]
[Site "?"]
[Date "2009.03.01"]
[Round "11.4"]
[White "Godula, Martin"]
[Black "Sustak, Roman"]
[Result "1-0"]
[WhiteElo "2192"]
[BlackElo "1975"]
[PlyCount "77"]
[EventDate "2008.??.??"]
[WhiteTeam "Slovakia"]
[BlackTeam "II"]
[WhiteTeamCountry "SVK"]
[BlackTeamCountry "SVK"]

1. e4 e6 2. d4 d5 3. Nd2 c5 4. exd5 Qxd5 5. Ngf3 Nf6 6. Bc4 Qd8 7. O-O Be7 8.
Nb3 cxd4 9. Nbxd4 O-O 10. Re1 Qc7 11. Qe2 a6 12. Bb3 Bc5 13. Bg5 Ng4 14. c3 Nc6
15. Be3 e5 16. Nxc6 Bxe3 17. fxe3 bxc6 18. h3 e4 19. hxg4 Bxg4 20. Qf2 exf3 21.
gxf3 Bf5 22. Rad1 Rab8 23. Qh4 Rb5 24. Re2 Bg6 25. Rg2 Re5 26. e4 Rfe8 27. Qg3
Qa7+ 28. Qf2 Qe7 29. Qg3 Qf6 30. Rd7 Kf8 31. Qf2 Rg5 32. Qd4 Rxg2+ 33. Kxg2
Qg5+ 34. Kf2 Qh4+ 35. Ke2 Qh5 36. Qd6+ Kg8 37. Rd8 Qh2+ 38. Qxh2 Rxd8 39. Qc7
1-0